International costs (Record no. 84227)
[ view plain ]
| 000 -LEADER | |
|---|---|
| fixed length control field | 00778cab a22002055a 4500 |
| 001 - CONTROL NUMBER | |
| control field | L157002 |
| 008 - FIXED-LENGTH DATA ELEMENTS--GENERAL INFORMATION | |
| fixed length control field | 120809e20120805xxk f 000 0 eng d |
| 035 ## - SYSTEM CONTROL NUMBER | |
| System control number | (Sirsi) u157002 |
| 041 0# - LANGUAGE CODE | |
| Language code of text/sound track or separate title | eng |
| 100 1# - MAIN ENTRY--PERSONAL NAME | |
| Personal name | Moore, Paul |
| 245 00 - TITLE STATEMENT | |
| Title | International costs |
| 260 ## - PUBLICATION, DISTRIBUTION, ETC. | |
| Date of publication, distribution, etc. | 2012 |
| 490 ## - SERIES STATEMENT | |
| Series statement | Building |
| Volume/sequential designation | 277 (8739) 3 August 2012, 48-53(6) |
| 520 ## - SUMMARY, ETC. | |
| Summary, etc. | Construction prices are rising in Canada, Australia, New Zealand and Qatar, slowing in China and India, and grinding to a standstill across Europe. Summary, commodity prices, Europe, worldwide economic growth 2011-12, Middle East, North America, Asia Pacific, international cost comparison. |
| 590 ## - LOCAL NOTE (RLIN) | |
| Local note | KA |
| 651 #4 - SUBJECT ADDED ENTRY--GEOGRAPHIC NAME | |
| Geographic name | International |
| 690 ## - LOCAL SUBJECT ADDED ENTRY--TOPICAL TERM (OCLC, RLIN) | |
| Topical term or geographic name as entry element | Construction management |
| 9 (RLIN) | 6230 |
| 710 ## - ADDED ENTRY--CORPORATE NAME | |
| Corporate name or jurisdiction name as entry element | EC Harris |
| 9 (RLIN) | 4930 |
| 942 ## - ADDED ENTRY ELEMENTS (KOHA) | |
| Suppress in OPAC | 0 |
| Withdrawn status | Lost status | Source of classification or shelving scheme | Damaged status | Not for loan | Home library | Current library | Shelving location | Date acquired | Total Checkouts | Full call number | Barcode | Date last seen | Copy number | Price effective from | Koha item type |
|---|---|---|---|---|---|---|---|---|---|---|---|---|---|---|---|
| Dewey Decimal Classification | London | London | Journal article | 09/08/2012 | L157002 | 157002-1001 | 06/08/2019 | 1 | 06/08/2019 | Journal article |